[Event "6th Vergani Cup January 2022"]
[Site "Cattolica"]
[Date "2022.01.02"]
[Round "1.10"]
[White "Frank, Emanuel"]
[Black "Iniyan, P."]
[Result "1/2-1/2"]
[WhiteElo "2180"]
[BlackElo "2540"]
[Annotator "ChessBase"]
[PlyCount "81"]
[EventDate "2022.01.02"]
[EventType "swiss"]
[EventCountry "ITA"]
[SourceTitle "playchess.com"]
[Source "ChessBase"]
[SourceQuality "1"]
[TimeControl "40/5400+30:900+30"]

1. d4 {[%emt 0:00:03]} Nf6 {[%emt 0:00:20]} 2. c4 {[%emt 0:00:06]} g6 {[%emt 0:00:07]} 3. Nc3 {[%emt 0:00:05]} Bg7 {[%emt 0:00:05]} 4. e4 {[%emt 0:00:15]} d6 {[%emt 0:00:05]} 5. Nf3 {[%emt 0:00:04]} O-O {[%emt 0:00:07]} 6. Be2 {[%emt 0:00:15]} Na6 {[%emt 0:00:05]} 7. Bf4 {[%emt 0:00:05]} Nh5 {[%emt 0:01:34]} 8. Bg5 {[%emt 0:00:46]} Qe8 {[%emt 0:02:40]} 9. O-O {[%emt 0:08:28]} e5 {[%emt 0:00:55]} 10. Qd2 {[%emt 0:14:04]} f6 {[%emt 0:02:28]} 11. Be3 {[%emt 0:04:08]} f5 {[%emt 0:00:10]} 12. exf5 {[%emt 0:01:48]} gxf5 {[%emt 0:02:32]} 13. Bg5 {[%emt 0:16:24]} c6 {[%emt 0:03:01]} 14. g3 {[%emt 0:05:11]} Nf6 {[%emt 0:07:12]} 15. dxe5 {[%emt 0:11:55]} Ne4 {[%emt 0:05:45]} 16. Nxe4 {[%emt 0:01:03]} fxe4 {[%emt 0:00:07]} 17. Nh4 {[%emt 0:01:56]} Qxe5 {[%emt 0:03:18]} 18. Rad1 {[%emt 0:02:13]} Bh3 {[%emt 0:07:23]} 19. Ng2 {[%emt 0:06:48]} Qxb2 {[%emt 0:06:12]} 20. Qxb2 {[%emt 0:04:16]} Bxb2 {[%emt 0:00:08]} 21. Rxd6 {[%emt 0:01:45]} Be5 {[%emt 0:03:18]} 22. Rh6 {[%emt 0:02:52]} Bf5 {[%emt 0:00:16]} 23. Nh4 {[%emt 0:03:50]} Bh3 {[%emt 0:08:54]} 24. Ng2 {[%emt 0:01:29]} Bf5 {[%emt 0:01:57]} 25. Nh4 {[%emt 0:00:04]} Bg7 {[%emt 0:00:04]} 26. Rd6 {[%emt 0:01:20]} Bh3 {[%emt 0:00:21]} 27. Rb1 {[%emt 0:01:49]} Be5 {[%emt 0:00:08]} 28. Rd2 {[%emt 0:02:33]} Bc3 {[%emt 0:01:17]} 29. Rdd1 {[%emt 0:01:46]} b6 {[%emt 0:00:45]} 30. Rb3 {[%emt 0:01:27]} Bb4 {[%emt 0:03:27]} 31. g4 {[%emt 0:02:13]} Bc5 {[%emt 0:00:05]} 32. Nf5 {[%emt 0:00:37]} Rxf5 {[%emt 0:00:26]} 33. gxf5 {[%emt 0:00:01]} Bxf5 {[%emt 0:00:11]} 34. Rg3 {[%emt 0:01:12]} Kf7 {[%emt 0:00:07]} 35. Bg4 {[%emt 0:01:11]} Bxg4 {[%emt 0:00:29]} 36. Rxg4 {[%emt 0:00:01]} Rg8 {[%emt 0:00:08]} 37. h3 {[%emt 0:02:32]} h5 {[%emt 0:01:39]} 38. Rf4+ {[%emt 0:02:17]} Ke6 {[%emt 0:00:03]} 39. h4 {[%emt 0:00:25]} Ke5 {[%emt 0:00:22]} 40. Rf7 {[%emt 0:00:39]} Nb4 {[%emt 0:00:39]} 41. Kf1 {[%emt 0:09:10]} 1/2-1/2

[Event "6th Vergani Cup January 2022"]
[Site "Cattolica"]
[Date "2022.01.03"]
[Round "2.1"]
[White "Martinovici, Ilia"]
[Black "Korobov, Anton"]
[Result "0-1"]
[WhiteElo "2395"]
[BlackElo "2699"]
[Annotator "TA"]
[PlyCount "96"]
[EventDate "2022.01.02"]
[EventType "swiss"]
[EventCountry "ITA"]
[SourceTitle "playchess.com"]
[Source "ChessBase"]
[SourceQuality "1"]

{[%evp 23,96,0,0,0,0,0,0,0,0,-17,-15,-24,-20,-21,-20,-21,-23,-27,-26,-27,-27,-33,-35,-31,-30,-33,-12,-12,-8,-26,-16,-14,-4,-5,-12,-6,-8,-21,-26,-52,-12,-40,-38,-47,-26,-26,0,0,0,0,0,0,0,0,0,-339,-312,-347,-269,-401,-373,-754,-735,-615,-727,-873,-802,-766,-723,-699,-656,-494,-422,-473,-447]} 1. d4 Nf6 2. c4 e6 3. Nc3 d5 4. cxd5 exd5 5. Bg5 c6 6. e3 Be7 7. Bd3 Nbd7 8. Qc2 O-O 9. Nge2 Re8 10. O-O Nf8 11. Bxf6 Bxf6 12. b4 a6 13. a4 {D36: Queen's Gambit Declined: Exchange Variation: Main line (5 Bg5 c6 6 Qc2).} g6 14. b5 a5 15. bxc6 {The position is equal.} bxc6 16. Rab1 Ne6 {[#]} 17. Na2 $146 ({Predecessor:} 17. Rfd1 Bd7 18. Rb2 Rc8 19. Rb7 Be7 20. e4 Bb4 21. Qb3 Nc7 22. exd5 cxd5 23. Nb5 {½-½ (33) Shchukin,D (2356)-Pischikov,V (2137) St Petersburg 2012}) 17... Qc7 18. Nac1 Bd7 19. Nb3 Reb8 20. Nc5 Nxc5 21. Qxc5 Bg7 {[%cal Bf6g7,Bg7f8,Bf8d6][%mdl 32]} 22. Nf4 {[%cal Of4d5]} Bf8 23. Qc2 {[%cal Of4d5]} Bd6 24. g3 Rxb1 (24... Rb4 {with more complications.} 25. Rfc1 Qd8 26. Rxb4 axb4 27. Be2 Qb6) 25. Rxb1 Rb8 26. Be2 Rxb1+ 27. Qxb1 Bxf4 28. gxf4 c5 29. dxc5 Qxc5 30. Bb5 Be6 31. Qa1 {Prevents d4.} Qb4 32. Qd1 (32. h4 {feels hotter.} Bg4 33. Qe5 Qb1+ 34. Kg2 Qe4+ 35. Kg1) 32... h5 33. Bc6 Qe4 (33... Qc5 $5 {[%cal Rc5c6]} 34. Bb5 Qb4 $11) 34. h4 Kf8 35. Qd4 Qf3 36. Qc5+ Kg7 37. Qxa5 g5 38. fxg5 {[#] Black must now prevent Qc3+.} Qg4+ 39. Kf1 $2 {[%mdl 8192]} (39. Kh1 $11 {and White is okay.} Qxh4+ 40. Kg1) 39... Qc4+ $19 40. Kg1 {aiming for Qc7.} Qc1+ 41. Kh2 (41. Kg2 $142 Qxc6 42. Qb5) 41... Qxc6 42. Qd8 $2 {[#]} (42. Qb4 Qc4 43. Qb2+ Kh7 44. Qb1+ Kg8 45. Qb8+ Bc8 46. Kg2) 42... Qxa4 {Black is clearly winning.} 43. Qf6+ Kg8 44. Qd8+ Kh7 45. g6+ Kg7 {And now ...Qc2 would win.} 46. gxf7 Kxf7 47. Qc7+ Bd7 48. f4 Qc6 {Weighted Error Value: White=0.47/Black=0.09 (flawless)} 0-1

[Event "6th Vergani Cup January 2022"]
[Site "Cattolica"]
[Date "2022.01.03"]
[Round "2.2"]
[White "Niemann, Hans Moke"]
[Black "Formento, Paolo"]
[Result "1-0"]
[WhiteElo "2645"]
[BlackElo "2401"]
[Annotator "TA"]
[PlyCount "65"]
[EventDate "2022.01.02"]
[EventType "swiss"]
[EventCountry "ITA"]
[SourceTitle "playchess.com"]
[Source "ChessBase"]
[SourceQuality "1"]

{[%evp 12,65,43,44,44,11,15,36,32,31,29,26,18,17,8,16,11,0,32,16,15,10,13,-30,-29,-31,0,-43,0,-9,43,35,68,34,119,120,127,136,181,168,261,262,238,142,561,558,669,634,700,696,868,856,1382,1370,815,788]} 1. e4 e5 2. Nf3 Nc6 3. Bb5 a6 4. Ba4 d6 5. c3 Bd7 6. d4 Nf6 7. O-O g6 {C79: Ruy Lopez: Steinitz-type lines with 3...a6 4 Ba4 Nf6 5 0-0 d6.} 8. Bxc6 Bxc6 9. dxe5 Nxe4 {White is slightly better.} 10. Qe2 d5 11. Nd4 {Prevents Bb5.} Bg7 12. Nd2 Nxd2 13. Bxd2 O-O 14. f4 Re8 (14... Bd7 $5 {[%cal Rc7c5]}) 15. Nxc6 bxc6 16. Rae1 {[#]} f6 $146 ({Predecessor:} 16... Qd7 17. Qd3 a5 18. Be3 Re6 19. a4 Rb8 20. Qd2 f6 21. exf6 Bxf6 22. f5 gxf5 23. Rxf5 {1-0 (53) Saric,I (2622)-Ghaem Maghami,E (2559) Fujairah 2012}) 17. e6 (17. Qf2 {should be considered.}) 17... f5 $11 18. Rf3 Bf6 19. Re3 (19. Rh3 $11) 19... Qd6 (19... Rb8 $5 {[%cal Rb8b2]} 20. b3 Qe7 $11) 20. g4 Re7 (20... Qxf4 21. Rf1 Qc4 22. gxf5 (22. Qxc4 dxc4 23. gxf5 Rab8 $16) 22... Qxe2 23. Rxe2 $16) (20... d4 $11 21. Rd3 fxg4) 21. gxf5 $1 $14 gxf5 (21... Qxf4 $2 22. fxg6 Rg7 23. Rg3 $18) 22. Qd3 Bh4 ({Better is} 22... Rf8 $14) 23. R1e2 $1 $16 {aiming for Rg2+.} ({Stronger than} 23. Qxf5 Rf8 24. Qh3 (24. Qg4+ $2 Rg7 $19) 24... Bxe1 25. Rxe1 d4 $17) 23... Rg7+ (23... Qxf4 $2 24. Rg3+ $1 {[%mdl 512]} Bxg3 25. Bxf4 Bxf4 26. Rg2+ Rg7 27. Rxg7+ Kxg7 28. Qd4+ Kg6 29. Qxf4 $18) 24. Rg2 $1 Rxg2+ (24... Qxf4 $2 25. Rxg7+ Kxg7 26. Rg3+ $1 {[%mdl 512]} Bxg3 27. Bxf4 Bxf4 28. Qd4+ Kg6 29. Qxf4 $18) (24... Rf8 $16 25. Rxg7+ Kxg7) 25. Kxg2 $18 Rf8 (25... Qxf4 $2 26. Rg3+ $1 {[%mdl 512]} Bxg3 27. Bxf4 Bxf4 28. Qxf5 $18) (25... d4 $142 26. Re2 (26. Qxd4 Re8 $16) (26. Qxf5 $2 dxe3 27. Be1 Rf8 $19) 26... Rf8) 26. Rh3 Qe7 27. Qxa6 (27. Kf1 $18) 27... Rf6 $2 {[%mdl 8192] This move loses the game for Black.} (27... Rd8 $16 {is tougher.}) 28. Rxh4 {White is clearly winning.} Rxe6 {Strongly threatening ...Re2+.} 29. Qc8+ Kg7 {[#] ...Re2+ is the strong threat.} 30. Kf1 {[%mdl 512]} Rg6 (30... Qf7 31. Rh3) 31. Rh3 Qe4 32. Qxc7+ Kf8 33. Qb8+ {Weighted Error Value: White=0.10 (very precise) /Black=0.63} 1-0

[Event "6th Vergani Cup January 2022"]
[Site "Cattolica"]
[Date "2022.01.03"]
[Round "2.3"]
[White "Barp, Alberto"]
[Black "Tabatabaei, M. Amin"]
[Result "0-1"]
[WhiteElo "2408"]
[BlackElo "2643"]
[Annotator "TA"]
[PlyCount "96"]
[EventDate "2022.01.02"]
[EventType "swiss"]
[EventCountry "ITA"]
[SourceTitle "playchess.com"]
[Source "ChessBase"]
[SourceQuality "1"]

{[%evp 14,96,20,19,16,0,16,0,10,7,15,0,0,0,4,0,0,5,6,10,9,-17,-8,-10,0,0,8,7,23,12,32,29,39,31,64,58,91,87,74,83,87,91,85,85,77,70,92,0,0,0,75,61,120,33,22,16,33,17,57,12,27,-64,-74,-64,-65,-73,-73,-64,-71,-125,-81,-145,-118,-139,-108,-808,-467,-467,-358,-451,-390,-521,-431,-547,-541]} 1. d4 d5 2. c4 e6 3. Nf3 c6 4. Qc2 dxc4 5. Qxc4 Nf6 6. g3 b5 7. Qd3 Bb7 8. Bg2 a6 {D30: Queen's Gambit Declined: Systems without Nc3.} 9. Be3 Nbd7 10. O-O c5 {The position is equal.} 11. dxc5 Bxc5 12. Nbd2 O-O 13. Rac1 Rc8 14. Nb3 {[#]} Be7 $146 ({Predecessor:} 14... Bxe3 15. Qxe3 Bd5 16. Rxc8 Qxc8 17. Rc1 Qb8 18. Ne1 Rc8 19. Rxc8+ Qxc8 20. Bxd5 Nxd5 21. Qc1 Qxc1 22. Nxc1 Kf8 23. e4 Nb4 24. Ned3 Nc6 25. f3 {½-½ (25) Andersson,U (2580)-Iordachescu,V (2632) Mallorca 2004}) 15. Bd4 Rxc1 16. Rxc1 Qa8 {[%cal Oe6e5]} 17. Ne1 {[%cal Bf3e1,Be1g2,Bg2e3][%mdl 32]} (17. Rc7 Bd8 18. Bxf6 Nxf6 $15) 17... Bxg2 18. Nxg2 e5 19. Bc3 b4 20. Be1 a5 21. Ne3 Rd8 22. Qb5 a4 23. Nd2 Rb8 24. Qc6 e4 25. Qxa8 Rxa8 26. Rc7 {[%cal Od2e4]} Bd6 27. Rc6 Bc5 28. Ndc4 h5 29. Rc7 Rd8 30. Rb7 ({White should play} 30. Kg2 $16) 30... Rb8 $11 31. Rc7 Bf8 (31... Rd8 $1 $11 {remains equal.}) 32. Ra7 Nc5 (32... a3 $1 $14) 33. Ne5 ({White should try} 33. Kg2 $16) 33... a3 $14 34. b3 Ne6 $1 35. Nc2 (35. Rxf7 Nd4 36. Kg2 Nxe2 37. Rxf8+ Kxf8 $15) (35. Nxf7 $2 Bc5 36. Nh6+ gxh6 $19) 35... h4 36. Kg2 (36. Rxf7 Bd6 37. Nc4 Bc5 $17) (36. gxh4 $14 Rd8 37. Ne3 (37. Nxb4 $2 Rd1 $19) (37. Nxf7 Rc8 $15) (37. Bxb4 $2 Rd1+ 38. Kg2 Nf4+ 39. Kg3 Nxe2+ 40. Kh3 Nf4+ 41. Kg3 N4d5 $19)) 36... Nd5 $11 37. Rd7 {[#]} ({Much weaker is} 37. Rxf7 h3+ 38. Kf1 Rc8 39. Rxf8+ (39. Ne3 $2 Nxe3+ 40. fxe3 Bd6 $19) 39... Nxf8 $15) (37. Ra6 $11) 37... Rc8 $1 $15 38. Nc4 {[#]} Nb6 $36 {[%mdl 2048] Black is pushing. Black is more active.} 39. Rb7 Nxc4 40. bxc4 Rxc4 41. Nxb4 (41. Ne3 $142 Rc1 42. Bxb4) 41... Rc1 (41... Kh7 $142 {Strongly threatening ...Rc1.} 42. Rb8 Bd6) 42. Bd2 $17 Rb1 {[%cal Oe4e3]} 43. Bc3 Kh7 {[%cal Oe4e3]} 44. Rxf7 $2 {[%mdl 8192] This costs White the game.} Bxb4 45. Rb7 {[#]} Bxc3 46. Rxb1 Bb2 {Threatens to win with ...Nd4.} 47. f3 e3 {Hoping for ...Nd4.} 48. f4 Nd4 {Weighted Error Value: White=0.38/Black=0.17 (very precise)} 0-1

[Event "6th Vergani Cup January 2022"]
[Site "Cattolica"]
[Date "2022.01.03"]
[Round "2.4"]
[White "Kozul, Zdenko"]
[Black "Ghazarian, Kirk"]
[Result "1/2-1/2"]
[WhiteElo "2625"]
[BlackElo "2346"]
[Annotator "TA"]
[PlyCount "131"]
[EventDate "2022.01.02"]
[EventType "swiss"]
[EventCountry "ITA"]
[SourceTitle "playchess.com"]
[Source "ChessBase"]
[SourceQuality "1"]

{[%evp 18,131,18,20,21,7,31,31,27,31,33,38,33,20,38,8,53,48,62,57,53,54,54,55,58,53,53,51,105,102,93,109,102,107,107,108,106,102,100,110,116,97,124,124,118,93,78,80,86,91,84,64,70,61,89,85,93,69,69,71,120,120,122,106,122,122,202,101,147,132,162,97,133,119,181,107,110,112,115,17,17,17,17,17,18,18,26,26,162,65,111,17,170,17,17,17,162,162,586,296,4562,0,0,0,0,0,0,0,0,0,0,0,0,0,0,0]} 1. d4 d5 2. c4 c6 3. Nf3 Nf6 4. e3 {[%cal Be2e3,Be3e4][%mdl 32]} e6 5. Bd3 Nbd7 6. O-O Bd6 7. Nbd2 O-O 8. e4 e5 9. cxd5 cxd5 10. Re1 h6 {D05: Colle System with ...e6.} 11. h3 (11. b3 {with more complications.} dxe4 12. Nxe4 Nxe4 13. Bxe4 exd4 14. Bb2) 11... dxe4 12. Nxe4 Nxe4 {White is slightly better.} 13. Bxe4 exd4 14. Nxd4 Nf6 15. Bf3 {[#]} Bc7 $146 ({Predecessor:} 15... Bc5 16. Be3 Qb6 17. b4 Bxb4 18. Nc6 Bc5 19. Rb1 Bxe3 20. Rxe3 bxc6 21. Rxb6 axb6 {1-0 (57) Petrosyan,M (2592)-Bajarani,U (2515) Abu Dhabi 2019}) 16. Nb3 a5 (16... Nh7 $11) 17. Be3 $14 Be6 18. Bxb7 {[%cal Bf3b7,Bb7a6,Ba6c4][%mdl 32]} Qxd1 19. Rexd1 Bxb3 20. axb3 Rab8 21. Ba6 Rxb3 22. Bd4 Bb6 (22... Rbb8 $14) 23. Bc4 $36 {[%mdl 2048] White is in control. A strong pair of Bishops.} Rb4 24. b3 Ne4 {To avoid Bc3} 25. Bxb6 Rxb6 26. Rxa5 Nd6 27. Bf1 {White is more active.} Ne4 28. Rd4 Re8 29. b4 Nc3 30. Kh2 Reb8 31. Ra3 (31. Rd3 {is interesting.} Nb5 32. Rd7 Nd6 33. Rd5 Ne8 34. b5) 31... Nb5 32. Bxb5 Rxb5 {[%mdl 4096] Endgame KRR-KRR} 33. Rb3 Rc8 34. g4 f5 35. Kg3 Rc2 36. gxf5 Kf7 37. f3 Kf6 38. Rf4 Rd2 (38... Rc1 $142) 39. Rc3 Rd6 {Inhibits Rc6.} 40. Kg4 Rdb6 41. Rcc4 Rd5 (41... Rb7 $16 {was worth a try.} 42. h4 Rb8 43. Rc6+ Kf7) 42. h4 (42. Rc5 $1 $18 {[%cal Rc5d5]} Rd1 43. Rfc4) 42... Rd2 ({Black should try} 42... Rdb5 43. h5 Kf7 44. Rc7+ Kf6) 43. Rfe4 $1 Rb2 44. Kf4 ({White should play} 44. Re6+ $18 Rxe6 45. fxe6 Kxe6 46. Rc6+ Kd5 47. Rb6) 44... Rh2 45. Kg3 Rb2 {[#]} (45... Rh1 $16 46. Rc8 Kxf5) 46. Re6+ (46. Rg4 $1 $18 {[%cal Rg4g6] Rg6+ would kill now.} Rb7 47. h5) 46... Rxe6 47. fxe6 Kxe6 {KR-KR} 48. Kf4 {Prevents g5+.} (48. h5 $16) 48... Kd5 $1 $11 49. Re4 g6 50. Kg3 {aiming for Rg4.} Rb1 51. Rg4 {Hoping for Kh3.} Ke5 52. Rc4 Rb2 (52... Rg1+ $11 {and Black is okay.} 53. Kh2 Rf1) 53. Rc5+ (53. Rc6 $18) 53... Kf6 (53... Kd6 $14 {was preferrable.}) 54. b5 (54. Rc6+ $16 Kf5 55. Rc5+ Kf6 56. Rb5) 54... Rb4 $2 {[#]} (54... Rb1 $1 $11 {and Black stays safe.}) 55. f4 $2 ({White has to play} 55. Rc6+ $1 $18 Kf5 56. Rc5+ Kf6 57. Rc6+ Kf5 58. Rc5+ Kf6) 55... Rb3+ 56. Kf2 h5 (56... Kf7 $11) 57. Ke2 $18 Rh3 $2 (57... Rb4 {is a better chance.}) 58. Kd2 ({Less strong is} 58. Rc6+ Kf7 $16) 58... Rxh4 $2 (58... Ke6 59. b6 Ra3) 59. Rc4 $2 (59. b6 $18 {White threatens b7 and mate.} Rxf4 60. Kc3) 59... Rh2+ $11 {The position is equal.} 60. Kc3 {Threatens to win with b6.} Rh1 61. b6 Rc1+ 62. Kd4 Rb1 63. Kc5 h4 {Strongly threatening ...h3.} 64. Rb4 Rxb4 65. Kxb4 {Intending b7 and mate.} h3 {( -> ...h2)} 66. b7 {Weighted Error Value: White=0.29 (precise) /Black=0.39} 1/2-1/2

[Event "6th Vergani Cup January 2022"]
[Site "Cattolica"]
[Date "2022.01.03"]
[Round "2.5"]
[White "Lagarde, Maxime"]
[Black "Moksh Amit Doshi"]
[Result "1-0"]
[WhiteElo "2638"]
[BlackElo "2368"]
[Annotator "TA"]
[PlyCount "57"]
[EventDate "2022.01.02"]
[EventType "swiss"]
[EventCountry "ITA"]
[SourceTitle "playchess.com"]
[Source "ChessBase"]
[SourceQuality "1"]

{[%evp 14,57,-11,-6,0,0,17,0,50,29,34,28,39,49,73,86,110,67,114,50,52,43,49,46,46,33,47,30,118,98,97,122,132,111,125,131,256,255,520,516,782,770,942,903,1483,688]} 1. c4 e5 2. Nc3 Nf6 3. Nf3 Nc6 4. d3 d5 5. cxd5 Nxd5 6. e3 Be7 7. Be2 O-O 8. O-O Be6 {A28: English Opening: Four Knights Variation.} 9. Qc2 f6 10. a3 a5 {[#]} (10... f5 $11) 11. Re1 $146 ({Predecessor:} 11. b3 Nxc3 12. Qxc3 Qd5 13. Nd2 Qc5 14. Qxc5 Bxc5 15. Bb2 Ne7 16. Rfc1 Bb6 17. Nc4 Bxc4 18. Rxc4 {1-0 (69) Timofeev,A (2583)-Quinonez Garcia,S (2263) Chess.com INT 2021}) 11... Qd7 12. d4 exd4 13. exd4 Rad8 14. Bd3 {Threatens to win with Nxd5.} f5 15. Bb5 ({Better is} 15. Na4 $16) 15... Bf6 {[#]} (15... Nxc3 $14 16. Bxc6 bxc6 17. Qxc3 Bd5) 16. Bg5 (16. Na4 $1 $16 {[%cal Ra4c5]} Bf7 17. Nc5) 16... Nxc3 $1 $14 17. bxc3 {Bxf6 is the strong threat.} Bd5 18. Bf4 Kh8 19. a4 Bxf3 20. gxf3 Rfe8 (20... Qc8 $11) 21. Qb3 $16 g5 22. Bd2 {White is more active.} Kg7 23. Rxe8 Qxe8 24. Re1 ({But not} 24. Bd3 Ne5 25. dxe5 Qxe5 $14) 24... Qf7 (24... Qd7 $16 {might work better.} 25. Bc4 Ne7) 25. Bc4 $18 Qh5 {[#]} (25... Qd7 26. Be6 (26. Qxb7 Rb8 $11) 26... Qd6 27. Bxf5 Ne7) 26. Qxb7 {White is clearly winning.} Qxf3 (26... Ne7 $142 27. Qxc7 Qe8) 27. Qxc7+ Kh6 28. Re6 Qd1+ 29. Bf1 {Weighted Error Value: White=0.09 (flawless) /Black=0.39} (29. Kg2 $142 Rf8 30. Qxc6) 1-0

[Event "6th Vergani Cup January 2022"]
[Site "Cattolica"]
[Date "2022.01.03"]
[Round "2.6"]
[White "Sorensen, Hampus"]
[Black "Thybo, Jesper Sondergaard"]
[Result "1/2-1/2"]
[WhiteElo "2379"]
[BlackElo "2590"]
[Annotator "TA"]
[PlyCount "145"]
[EventDate "2022.01.02"]
[EventType "swiss"]
[EventCountry "ITA"]
[SourceTitle "playchess.com"]
[Source "ChessBase"]
[SourceQuality "1"]

{[%evp 18,145,12,0,0,0,0,4,31,0,29,33,27,25,29,0,0,0,0,0,24,27,27,23,25,18,19,0,0,-6,4,0,8,7,3,4,5,0,0,0,0,0,-2,-2,0,0,35,35,39,-2,-2,-2,-2,-2,0,-10,-7,-17,-17,-25,-8,-8,-8,-8,-8,-12,-12,-12,-12,-13,-20,-27,-27,-27,-27,-27,-27,-27,-12,-9,-9,-9,-9,-9,-8,-8,0,0,0,0,0,0,0,0,0,0,0,0,0,0,0,0,0,0,0,0,0,0,0,0,0,0,0,0,0,0,0,0,0,0,0,0,0,0,0,0,0,8,8,8]} 1. d4 Nf6 2. c4 e6 3. Nf3 d5 4. g3 c6 5. Bg2 Be7 6. O-O O-O 7. b3 b6 8. Bb2 Nbd7 9. Nc3 Ba6 10. Nd2 b5 {now supersedes 10...Rc8. E07: Closed Catalan: Main Line (5 Nf3 0-0 6 0-0 Nbd7).} 11. cxb5 cxb5 12. a3 Nb6 13. Nf3 Qc8 14. Rc1 {[%cal Oc3d5] [#] Black must now prevent Nxd5!} Qb7 15. Na2 {To avoid b4} Rfc8 {[#]} 16. Qd2 $146 ({Predecessor:} 16. Nb4 Rxc1 17. Qxc1 Rc8 18. Qb1 Nbd7 19. Qd3 Qb6 20. Nxa6 Qxa6 21. Nd2 Qb6 22. e3 {½-½ (40) Bruzon Batista,L (2691)-Kovalyov,A (2606) Montreal 2013}) 16... Ne4 {[%cal Bf6e4,Be4d6,Bd6b5][%mdl 32]} 17. Qe3 Nd7 18. Nd2 Nd6 {[%cal Ob5b4]} 19. Nb4 {[%cal Og2d5] [#] Hoping for Bxd5!} Nf6 20. Qd3 Qb6 21. Nxa6 Qxa6 22. a4 Qb6 23. axb5 Nxb5 24. e3 Rab8 25. Rxc8+ Rxc8 26. Ra1 Bb4 27. Bf1 a5 28. Qxb5 Qxb5 29. Bxb5 {And now Nf3 would win.} Bxd2 30. Bd3 Ne4 31. Kf1 Bb4 32. Bxe4 dxe4 33. Rc1 (33. Ba3 $14) 33... Rxc1+ $11 34. Bxc1 {[%mdl 4096] Endgame KB-KB} Kf8 35. Ke2 Bd6 36. Kd1 Ke7 37. Kc2 Kd7 38. Bd2 Bc7 39. Kc3 Kc6 40. Kc4 h5 {[%cal Bh7h5,Bh5h4][%mdl 32]} 41. h3 Bd8 42. b4 axb4 43. Bxb4 h4 44. Be1 f5 45. Bb4 g6 46. Be1 Bc7 47. Kb3 Kb5 48. gxh4 {The position is equal.} Bd8 49. Kc2 Bxh4 {[%cal Of5f4]} 50. Kd2 Be7 {aiming for ...Bb4+.} 51. Ke2 Bb4 52. Bxb4 Kxb4 {KP-KP} 53. h4 Kc4 54. Kd2 $1 Kb3 55. Kd1 Kc3 56. Ke2 Kc2 57. Ke1 $1 Kd3 58. Kd1 Kc3 59. Ke2 Kc4 60. Kd2 $1 Kd5 61. Ke2 e5 62. dxe5 Kxe5 {K3P-K3P} 63. Kf1 f4 64. Kg2 fxe3 65. fxe3 {KPP-KPP} Kf5 66. Kg3 g5 $1 67. h5 Ke5 68. Kg4 Kf6 69. h6 Kg6 70. h7 $1 Kxh7 {( -> ...Kg6)} 71. Kxg5 {Intending Kf4 and mate.} Kg7 72. Kf5 Kf7 73. Kxe4 {Weighted Error Value: White=0.03 (flawless) /Black=0.04 (flawless)} 1/2-1/2

[Event "6th Vergani Cup January 2022"]
[Site "Cattolica"]
[Date "2022.01.03"]
[Round "2.7"]
[White "Bernadskiy, Vitaliy"]
[Black "Klabis, Rokas"]
[Result "1-0"]
[WhiteElo "2599"]
[BlackElo "2356"]
[Annotator "TA"]
[PlyCount "61"]
[EventDate "2022.01.02"]
[EventType "swiss"]
[EventCountry "ITA"]
[SourceTitle "playchess.com"]
[Source "ChessBase"]
[SourceQuality "1"]

{[%evp 9,61,-8,-10,-8,-1,-10,-12,0,0,-7,-11,-8,-12,-15,0,-29,12,18,21,21,11,0,0,-8,29,33,16,0,80,83,62,67,70,64,174,170,383,341,852,856,1821,1768,29980,29981,29988,29989,29990,29991,29991,29992,29992,29991,29993,29994]} 1. e3 Nf6 2. g4 {[%cal Bg2g4,Bg4g5][%mdl 32]} d5 3. g5 Ne4 4. h4 c6 5. d3 Nd6 6. Nc3 {A00: Irregular Openings.} e5 7. e4 dxe4 8. dxe4 {The position is equal.} Be6 {[#]} 9. Bh3 $146 ({Predecessor:} 9. f4 Nd7 10. f5 Bc4 11. Bxc4 Nxc4 12. Qd3 Ndb6 13. Qg3 Qc7 14. b3 Na3 15. Rh2 {0-1 (60) Hamad,A (2241)-Ezat,M (2405) Tanta 2003}) 9... Bxh3 10. Rxh3 Nd7 11. Qg4 Qb6 12. Nf3 {[%cal Bg1f3,Bf3d2,Bd2c4,Bc4e3,Be3f5][%mdl 32]} Nc4 (12... h5 {is more appropriate.} 13. gxh6 gxh6) 13. b3 $11 Na3 14. Bxa3 Bxa3 15. Rd1 Qc7 16. Nd2 Nb6 17. Na4 Nxa4 18. bxa4 Be7 (18... Qe7 $1 $11 {keeps the balance.}) 19. Nc4 $36 {[%mdl 2048] White has strong initiative.} b5 20. axb5 {White is much more active. Black has bad knights.} cxb5 21. Ne3 {aiming for Nd5.} Qa5+ {[#]} ({Black should try} 21... Qc6 $14) 22. Kf1 $1 $18 {Hoping for Qd7+.} O-O $2 (22... Qc7 23. Kg2 Rd8) 23. Nf5 Bd8 (23... Bc5 24. h5 Qa4) 24. h5 {[%cal Bh4h5,Bh5g6][%mdl 32]} Qxa2 25. g6 {gxh7+ would kill now.} Bf6 26. Rd6 {White mates.} fxg6 27. hxg6 Qc4+ 28. Kg1 h6 {[#]} 29. Rxh6 $1 {[%mdl 512]} gxh6 30. Nxh6+ Kh8 31. Qh5 {Weighted Error Value: White=0.02 (flawless) /Black=0.56} 1-0